|
|
|
|
| LEADER |
01268nam a2200337Ia 4500 |
| 001 |
EBC328744 |
| 003 |
MiAaPQ |
| 005 |
20200520144314.0 |
| 006 |
m o d | |
| 007 |
cr cn||||||||| |
| 008 |
051220s2007 enk s 000 0 eng d |
| 020 |
|
|
|z 9781846636929
|
| 020 |
|
|
|z 9781846636936
|
| 035 |
|
|
|a (MiAaPQ)EBC328744
|
| 035 |
|
|
|a (Au-PeEL)EBL328744
|
| 035 |
|
|
|a (CaPaEBR)ebr10211678
|
| 035 |
|
|
|a (OCoLC)192001296
|
| 040 |
|
|
|a MiAaPQ
|c MiAaPQ
|d MiAaPQ
|
| 050 |
|
4 |
|a HG4028.V3
|b J688
|
| 245 |
0 |
0 |
|a Journal of intellectual capital.
|n Volume 8, Number 4,
|p Strategic enterprise valuation
|h [electronic resource] /
|c guest editors: Nick Bontis and Christopher K. Bart.
|
| 260 |
|
|
|a Bradford :
|b Emerald Insight,
|c c2007.
|
| 300 |
|
|
|a 193 p.
|
| 490 |
0 |
|
|a Journal of intellectual capital ;
|v 8, no. 4
|
| 533 |
|
|
|a Electronic reproduction. Ann Arbor, MI : ProQuest, 2015. Available via World Wide Web. Access may be limited to ProQuest affiliated libraries.
|
| 650 |
|
0 |
|a Corporations
|x Valuation.
|
| 650 |
|
0 |
|a Strategic planning.
|
| 655 |
|
4 |
|a Electronic books.
|
| 700 |
1 |
|
|a Bart, Christopher K.
|
| 700 |
1 |
|
|a Bontis, Nick.
|
| 710 |
2 |
|
|a ProQuest (Firm)
|
| 856 |
4 |
0 |
|u https://ebookcentral.proquest.com/lib/matrademy/detail.action?docID=328744
|z Click to View
|